[Event "Tourn. n8515"]
[Site "www.chess-mail.com"]
[Date "2015.12.12"]
[Round "1"]
[White "Umzi"]
[Black "Panham"]
[WhiteElo "2220"]
[BlackElo "2190"]
[Result "1/2-1/2"]
[Round "1"]
1.e4 e6
2.Nb1c3 d5
3.exd5 exd5
4.d4 Bc8f5
5.Ng1f3 c6
6.Bf1d3 Bf5xd3
7.Qd1xd3 Ng8f6
8.O-O Bf8e7
9.h3 O-O
10.Bc1e3 Nb8d7
11.a3 a6
12.b4 Nd7b6
13.Be3g5 h6
14.Bg5h4 Nb6c4
15.Nc3a4 Nf6e4
16.Bh4xe7 Qd8xe7
17.Rf1e1 Qe7c7
18.Na4c5 Ne4xc5
19.bxc5 b6
20.cxb6 Qc7xb6
21.Ra1b1 Qb6a5
22.Rb1a1 Ra8b8
23.Re1e7 Rf8e8
24.Re7xe8 Rb8xe8
25.Qd3b3 Qa5c7
26.c3 Re8e2
27.Ra1b1 Qc7a5
28.a4 Kh7
29.Qb3b4 { draw }
1/2-1/2

[Event "Tourn. n8380"]
[Site "www.chess-mail.com"]
[Date "2015.12.12"]
[Round "1"]
[White "Numanoid"]
[Black "Yangqi"]
[WhiteElo "2510"]
[BlackElo "2490"]
[Result "1-0"]
[Round "1"]
1.e4 e6
2.d4 d5
3.e5 c5
4.c3 Nb8c6
5.Ng1f3 Bc8d7
6.Bf1e2 Ng8e7
7.Nb1a3 cxd4
8.cxd4 Ne7f5
9.Na3c2 Qd8b6
10.h4 f6
11.g4 Nf5xd4
12.Nc2xd4 Nc6xe5
13.g5 Bf8c5
14.O-O Ne5xf3
15.Nd4xf3 Qb6b4
16.Kh1 fxg5
17.Bc1xg5 O-O
18.Ra1c1 Bc5b6
19.Rf1g1 Qb4xb2
20.Rc1c2 Qb2b4
21.Rc2c4 Qb4a3
22.Rc4g4 g6
23.Bg5c1 Qa3c3
24.h5 Bb6xf2
25.Bc1d2 Qc3a3
26.Rg1g2 Bf2e3
27.hxg6 h5
28.Rg4b4 d4
29.Rb4b3 Qa3e7
30.Bd2xe3 dxe3
31.Rb3xb7 Ra8d8
32.Rb7xa7 Rf8f4
33.Qd1d3 Rf4a4
34.Qd3xe3 Ra4xa7
35.Qe3xa7 { resign }
1-0

[Event "Match"]
[Site "www.echecsemail.com"]
[Date "2015.12.12"]
[Round "1"]
[White "Billyg"]
[Black "Coraza"]
[WhiteElo "1660"]
[BlackElo "1680"]
[Result "0-1"]
[Round "1"]
1.e4 e5
2.d4 Nb8c6
3.Ng1f3 Bf8b4
4.c3 Bb4a5
5.b4 Ba5b6
6.dxe5 Qd8e7
7.Bc1f4 a5
8.Bf4g5 f6
9.Bg5h4 axb4
10.Bf1d3 Nc6xe5
11.O-O g5
12.Bh4g3 Ne5g4
13.Rf1e1 Qe7c5
14.Qd1c2 d6
15.Re1e2 Bb6a5
16.h3 Ng4h6
17.Nf3d2 bxc3
18.Nd2b3 Qc5b6
19.Kh1 Bc8e6
20.Nb3xa5 Ra8xa5
21.Nb1xc3 Ra5c5
22.Ra1b1 Qb6c6
23.Bd3b5 Rc5xb5
24.Rb1xb5 Be6c4
25.Nc3d5 Bc4xb5
26.Qc2xc6 Bb5xc6
27.Nd5xc7 Ke7
28.f4 Kd7
29.Nc7a8 Ng8e7
30.fxg5 fxg5
31.Na8b6 Kc7
32.Nb6c4 Nh6f7
33.Re2c2 Bc6xe4
34.Rc2c3 Kd7
35.Nc4b6 Ke6
36.Rc3e3 d5
37.h4 h6
38.hxg5 hxg5
39.Kg1 Ne7f5
40.Re3b3 Nf5d4
41.Rb3e3 Nd4f5
42.Re3c3 Kf6
43.Nb6d7 Ke6
44.Nd7c5 Ke7
45.Nc5xb7 d4
46.Rc3c4 Nf5xg3
47.Rc4xd4 Rh8h1
48.Kf2 Be4xb7
49.Kxg3 Nf7d6
50.Rd4b4 Rh1a1
51.Rb4b2 Nd6f5
52.Kg4 Bb7c8
53.Kxg5 Ra1g1
54.a4 Nf5d6
55.Rb2e2 Kf7
56.a5 Bc8a6
57.Re2f2 Ke6
58.Rf2f6 Ke5
59.Kh4 Kxf6
{ resign }
0-1

[Event "Match"]
[Site "www.echecsemail.com"]
[Date "2015.12.12"]
[Round "1"]
[White "Cal"]
[Black "Wagner"]
[WhiteElo "1299"]
[BlackElo "1680"]
[Result "0-1"]
[Round "1"]
1.Nb1c3 e5
2.e4 c6
3.a3 Bf8c5
4.Ng1f3 Qd8f6
5.d3 d6
6.b4 Bc5b6
7.h3 h6
8.Bc1e3 c5
9.b5 Nb8d7
10.Nc3d5 Qf6d8
11.c4 Ng8f6
12.Bf1e2 Bb6a5
13.Be3d2 Ba5xd2
14.Qd1xd2 Nf6h7
15.O-O b6
16.a4 Bc8b7
17.Nf3h2 Bb7xd5
18.cxd5 Nh7g5
19.f4 exf4
20.Qd2xf4 Nd7f6
21.h4 Ng5h7
22.Nh2f3 Nf6h5
23.Qf4f5 Nh5g3
24.Qf5g4 Ng3xe2
25.Kh2 O-O
26.h5 Nh7f6
27.Nf3h4 Nf6xg4
28.Kh3 Qd8g5
29.Rf1f5 Ng4f2
30.Kh2 Qg5g3
{ resign }
0-1

[Event "1/128 Finale"]
[Site "www.chess-mail.com"]
[Date "2015.12.12"]
[Round "1"]
[White "Osopanda"]
[Black "Powerchess"]
[WhiteElo "1830"]
[BlackElo "1390"]
[Result "1-0"]
[Round "1"]
1.c4 e6
2.d4 Ng8f6
3.Nb1c3 Bf8b4
4.f3 c5
5.e3 d5
6.cxd5 exd5
7.Bf1d3 O-O
8.Ng1e2 Nb8c6
9.O-O Bb4xc3
10.bxc3 b6
11.Bc1b2 Rf8e8
12.Qd1c1 c4
13.Bd3c2 Qd8e7
14.e4 dxe4
15.fxe4 Nf6xe4
16.Bb2a3 Qe7g5
17.Bc2xe4 Re8xe4
18.Qc1xg5 { resign }
1-0

[Event "Eq:Equipo Juan Diaz-Slap Shot Mates : "]
[Site "www.chess-mail.com"]
[Date "2015.12.12"]
[Round "1"]
[White "Jpmartinez"]
[Black "Ilusion"]
[WhiteElo "2460"]
[BlackElo "2020"]
[Result "1-0"]
[Round "1"]
1.g3 Ng8f6
2.Bf1g2 d5
3.Ng1f3 e6
4.c4 Bf8e7
5.d4 O-O
6.O-O dxc4
7.Qd1c2 a6
8.a4 Bc8d7
9.Qc2xc4 Bd7c6
10.Bc1f4 Nf6d5
11.Bf4d2 Nb8d7
12.Rf1d1 Nd7b6
13.Qc4c2 Nd5b4
14.Bd2xb4 Be7xb4
15.a5 Nb6d5
16.Nb1c3 Nd5f6
17.Nf3e5 Bc6xg2
18.Kxg2 Ra8c8
19.Qc2b3 Bb4xc3
20.bxc3 Qd8d5
21.Qb3xd5 exd5
22.Rd1b1 Rc8b8
23.Rb1b3 Rf8c8
24.Ra1b1 Nf6e4
25.Ne5c6 { resign }
1-0

[Event "Tourn. n8440"]
[Site "www.chess-mail.com"]
[Date "2015.12.13"]
[Round "1"]
[White "Cardiff"]
[Black "Attatroll"]
[WhiteElo "1790"]
[BlackElo "2000"]
[Result "0-1"]
[Round "1"]
1.c4 f5
2.d4 Ng8f6
3.Bc1g5 g6
4.e3 Bf8g7
5.Nb1c3 O-O
6.Ng1f3 d6
7.Qd1d2 c6
8.Bf1e2 Nb8d7
9.d5 c5
10.O-O a6
11.a4 Qd8e8
12.Ra1b1 Nf6e4
13.Nc3xe4 fxe4
14.Nf3e1 Nd7e5
15.Bg5f4 Bc8d7
16.b3 b5
17.axb5 axb5
18.cxb5 Bd7xb5
19.Ne1c2 Bb5xe2
20.Qd2xe2 Ne5d3
21.Bf4g3 Ra8a2
22.Qe2d1 Qe8a8
23.f3 Qa8xd5
24.fxe4 Qd5xe4
25.Rf1xf8 Kxf8
26.Qd1e2 Bg7h6
27.Rb1f1 Kg7
28.Rf1f3 Nd3f4
29.Bg3xf4 Bh6xf4
30.Rf3xf4 Qe4xc2
31.Qe2f3 Ra2a1
{ resign }
0-1

[Event "Tourn. n8461"]
[Site "www.chess-mail.com"]
[Date "2015.12.13"]
[Round "1"]
[White "Raven16"]
[Black "Dulap"]
[WhiteElo "1689"]
[BlackElo "1800"]
[Result "1-0"]
[Round "1"]
1.e4 e5
2.Ng1f3 Nb8c6
3.Bf1b5 a6
4.Bb5a4 Ng8f6
5.O-O Bf8e7
6.Rf1e1 b5
7.Ba4b3 d6
8.c3 O-O
9.d4 exd4
10.cxd4 Nc6a5
11.Bb3c2 c5
12.Nb1d2 Bc8g4
13.h3 Bg4h5
14.e5 dxe5
15.dxe5 Nf6d5
16.Bc2e4 Ra8b8
17.Qd1c2 Nd5b4
18.Be4xh7 Kh8
19.Qc2e4 g6
20.g4 f5
21.exf6 Be7xf6
22.gxh5 Kxh7
23.Qe4xg6 Kh8
24.Qg6h6 Kg8
25.Re1e4 Bf6g7
26.Qh6e6 Kh8
27.Nf3e5 Qd8f6
28.Ne5g6 { resign }
1-0

[Event "Tourn. n8512"]
[Site "www.chess-mail.com"]
[Date "2015.12.13"]
[Round "1"]
[White "Amaya"]
[Black "Norlavuaram"]
[WhiteElo "2000"]
[BlackElo "2180"]
[Result "1-0"]
[Round "1"]
1.d4 Ng8f6
2.e3 g6
3.Bf1d3 Bf8g7
4.Nb1d2 O-O
5.f4 d5
6.Ng1f3 b6
7.O-O Bc8b7
8.Nf3e5 Nb8d7
9.Qd1f3 c5
10.c3 Ra8c8
11.a3 Nf6e8
12.Qf3h3 Ne8d6
13.Rf1f3 Nd6e4
14.Ne5xd7 Ne4xd2
15.Bc1xd2 Rf8e8
16.Nd7e5 cxd4
17.exd4 f6
18.Qh3e6 { resign }
1-0

[Event "Tourn. n8485"]
[Site "www.chess-mail.com"]
[Date "2015.12.13"]
[Round "1"]
[White "Gimmyg"]
[Black "Wwgia"]
[WhiteElo "2440"]
[BlackElo "2230"]
[Result "1-0"]
[Round "1"]
1.d4 Ng8f6
2.Bc1f4 g6
3.Ng1f3 Bf8g7
4.e3 O-O
5.Bf1d3 d6
6.h3 Nb8d7
7.O-O b6
8.c4 Bc8b7
9.Nb1c3 Rf8e8
10.Bf4h2 e5
11.dxe5 dxe5
12.Bd3c2 Qd8e7
13.Qd1e2 a6
14.Rf1d1 c5
15.e4 Nf6h5
16.Bc2a4 Ra8d8
17.Rd1d3 Nh5f4
18.Bh2xf4 exf4
19.Ra1d1 Re8f8
20.Rd3xd7 Rd8xd7
21.Rd1xd7 { resign }
1-0

[Event "Tourn. n8517"]
[Site "www.chess-mail.com"]
[Date "2015.12.13"]
[Round "1"]
[White "Lino"]
[Black "Faerieking"]
[WhiteElo "2330"]
[BlackElo "2260"]
[Result "1-0"]
[Round "1"]
1.e4 d5
2.exd5 Ng8f6
3.d4 Bc8g4
4.Ng1f3 Qd8xd5
5.Bf1e2 Nb8c6
6.c4 Qd5h5
7.Bc1e3 e6
8.a3 O-O-O
9.Nb1d2 h6
10.Qd1a4 Qh5a5
11.Qa4xa5 Nc6xa5
12.Nf3e5 Bg4xe2
13.Kxe2 { resign }
1-0

[Event "Tourn. n8468"]
[Site "www.chess-mail.com"]
[Date "2015.12.13"]
[Round "1"]
[White "Expert"]
[Black "Louis"]
[WhiteElo "1840"]
[BlackElo "1830"]
[Result "0-1"]
[Round "1"]
1.d4 d5
2.c4 dxc4
3.e4 b5
4.a4 c6
5.axb5 cxb5
6.b3 e5
7.d5 Ng8f6
8.bxc4 Nf6xe4
9.cxb5 Bf8b4
10.Bc1d2 Ne4xd2
11.Nb1xd2 Qd8xd5
12.Ra1a4 Bb4xd2
13.Qd1xd2 Qd5xd2
14.Kxd2 O-O
15.Ng1f3 Nb8d7
16.Bf1e2 Nd7b6
17.Ra4a2 Rf8d8
18.Ke3 Nb6d5
{ resign }
0-1

[Event "Tourn. n8530"]
[Site "www.chess-mail.com"]
[Date "2015.12.13"]
[Round "1"]
[White "Fred"]
[Black "Raven16"]
[WhiteElo "2020"]
[BlackElo "1990"]
[Result "1-0"]
[Round "1"]
1.e4 e5
2.f4 d5
3.exd5 e4
4.Bf1c4 Ng8f6
5.Qd1e2 Bf8c5
6.Ng1f3 O-O
7.Nf3e5 Rf8e8
8.Nb1c3 Nb8d7
9.Nc3xe4 Nf6xe4
10.Qe2xe4 f6
11.d6 { resign }
1-0

[Event "Tourn. n8511"]
[Site "www.chess-mail.com"]
[Date "2015.12.13"]
[Round "1"]
[White "Faerieking"]
[Black "Masteratches"]
[WhiteElo "2240"]
[BlackElo "2340"]
[Result "0-1"]
[Round "1"]
1.e4 c5
2.d4 cxd4
3.c3 Ng8f6
4.e5 Nf6d5
5.Ng1f3 Nb8c6
6.Bf1c4 Nd5b6
7.Bc4b3 d5
8.cxd4 Bc8g4
9.Bc1e3 e6
10.O-O Bf8e7
11.Nb1d2 Bg4h5
12.Ra1c1 O-O
13.a3 Qd8d7
14.Bb3a2 f5
15.g3 g5
16.Nd2b3 f4
17.gxf4 Kh8
18.Kh1 Nb6c4
19.Rc1c2 a5
20.Rf1g1 gxf4
21.Be3c1 a4
22.Nb3c5 Be7xc5
23.dxc5 Nc4xe5
{ resign }
0-1

[Event "Tourn. n8414"]
[Site "www.chess-mail.com"]
[Date "2015.12.13"]
[Round "1"]
[White "Falcoale"]
[Black "Lino"]
[WhiteElo "1910"]
[BlackElo "1799"]
[Result "0-1"]
[Round "1"]
1.e4 c5
2.Ng1f3 Nb8c6
3.d4 cxd4
4.Nf3xd4 Ng8f6
5.Nb1c3 e5
6.Nd4b3 Bf8b4
7.Bf1d3 d5
8.Bc1d2 Bb4xc3
9.Bd2xc3 dxe4
10.Bd3c4 Qd8c7
11.O-O O-O
12.Bc4e2 Rf8d8
13.Qd1c1 Nc6d4
14.Be2d1 Bc8e6
15.Qc1e3 Nf6d5
16.Qe3xe4 Nd5xc3
17.bxc3 Qc7xc3
18.Ra1b1 Be6d5
19.Qe4h4 Bd5c4
20.Nb3xd4 Rd8xd4
21.Qh4g3 Qc3xg3
22.hxg3 Bc4xf1
23.Kxf1 b6
24.Bd1f3 Ra8c8
25.Rb1c1 Rd4c4
26.Kg1 Rc4xc2
27.Rc1xc2 Rc8xc2
28.Bf3d5 Kf8
29.Bd5b3 Rc2d2
30.f3 f6
{ resign }
0-1

[Event "Tourn. n8487"]
[Site "www.chess-mail.com"]
[Date "2015.12.13"]
[Round "1"]
[White "Luban"]
[Black "Estonia"]
[WhiteElo "2030"]
[BlackElo "1990"]
[Result "0-1"]
[Round "1"]
1.d4 Ng8f6
2.c4 e6
3.a3 d5
4.e3 c5
5.Ng1f3 Nb8c6
6.Nb1c3 b6
7.cxd5 Nf6xd5
8.Nc3xd5 exd5
9.dxc5 Bf8xc5
10.b4 Bc5e7
11.Bc1b2 O-O
12.Bf1e2 Bc8b7
13.O-O Be7f6
14.Nf3d4 Bf6xd4
15.Bb2xd4 Nc6xd4
16.Qd1xd4 Qd8g5
17.Be2f3 Ra8d8
18.Ra1c1 h5
19.Rc1c7 Rd8b8
20.Rf1c1 h4
21.Qd4g4 Qg5xg4
22.Bf3xg4 a5
23.h3 Bb7a6
24.Rc7a7 Ba6c4
25.e4 axb4
26.axb4 b5
27.exd5 Bc4xd5
28.Rc1c7 Bd5c4
29.Rc7e7 Rb8a8
30.Ra7c7 Ra8a1
31.Kh2 Ra1f1
32.Bg4d7 Rf1xf2
33.Re7e8 Rf8xe8
34.Bd7xe8 f6
35.Be8g6 Kf8
36.Rc7c8 Ke7
37.Rc8h8 Bc4d5
38.Rh8e8 Kd7
{ resign }
0-1

[Event "Tourn. n8494"]
[Site "www.chess-mail.com"]
[Date "2015.12.13"]
[Round "1"]
[White "Rons"]
[Black "Yangqi"]
[WhiteElo "2590"]
[BlackElo "2600"]
[Result "0-1"]
[Round "1"]
1.e4 e5
2.Ng1f3 Nb8c6
3.Bf1b5 Nc6d4
4.Nf3xd4 exd4
5.O-O Bf8c5
6.d3 c6
7.Bb5a4 d6
8.f4 f5
9.Nb1d2 Ng8f6
10.Ba4b3 Nf6g4
11.exf5 Bc8xf5
12.Rf1e1 Kd7
13.Nd2f3 Qd8f6
14.h3 h5
15.hxg4 hxg4
16.Nf3g5 Qf6h6
17.Bb3e6 Bf5xe6
18.Ng5xe6 g3
{ resign }
0-1

[Event "Tourn. n8511"]
[Site "www.chess-mail.com"]
[Date "2015.12.13"]
[Round "1"]
[White "Yangqi"]
[Black "Masteratches"]
[WhiteElo "2610"]
[BlackElo "2340"]
[Result "1/2-1/2"]
[Round "1"]
1.e4 c5
2.d4 cxd4
3.c3 Ng8f6
4.e5 Nf6d5
5.Ng1f3 Nb8c6
6.cxd4 d6
7.Bf1c4 Nd5b6
8.Bc4b3 dxe5
9.d5 Nc6a5
10.Nb1c3 Na5xb3
11.Qd1xb3 e6
12.Nf3xe5 exd5
13.Bc1e3 Bf8d6
14.Qb3b5 Kf8
15.Ne5f3 Bc8d7
16.Qb5b3 h5
17.O-O h4
18.Be3g5 Bd6e7
19.Bg5xe7 Qd8xe7
20.Nc3xd5 Nb6xd5
21.Qb3xd5 Bd7c6
22.Qd5f5 g6
23.Qf5f4 Kg7
24.Nf3e5 Ra8c8
25.Rf1e1 Qe7f6
26.Qf4xf6 Kxf6
27.Ra1d1 Rh8e8
28.f4 Kf5
29.Re1f1 Re8d8
30.Ne5xc6 { draw }
1/2-1/2

[Event "Tourn. n8501"]
[Site "www.chess-mail.com"]
[Date "2015.12.13"]
[Round "1"]
[White "Huw"]
[Black "Norlavuaram"]
[WhiteElo "2150"]
[BlackElo "2260"]
[Result "1-0"]
[Round "1"]
1.d4 Ng8f6
2.c4 g6
3.Ng1f3 d5
4.cxd5 Nf6xd5
5.e4 Nd5f6
6.Nb1c3 Bf8g7
7.Bf1e2 O-O
8.O-O c6
9.Bc1g5 Nb8d7
10.Ra1c1 Qd8c7
11.e5 Nf6e8
12.Nc3d5 Qc7d8
13.Nd5xe7 { resign }
1-0

[Event "Tourn. n8507"]
[Site "www.chess-mail.com"]
[Date "2015.12.13"]
[Round "1"]
[White "Faerieking"]
[Black "Seger"]
[WhiteElo "2240"]
[BlackElo "2740"]
[Result "0-1"]
[Round "1"]
1.e4 c5
2.d4 e6
3.Ng1f3 cxd4
4.c3 dxc3
5.Nb1xc3 d6
6.Bf1c4 Nb8c6
7.O-O Bf8e7
8.Qd1e2 Bc8d7
9.Rf1d1 a6
10.Bc1f4 e5
11.Bf4e3 Ng8f6
12.h3 O-O
13.Ra1c1 b5
14.Bc4d5 b4
15.Nc3a4 Nc6d4
16.Be3xd4 Bd7xa4
17.b3 Ba4b5
{ resign }
0-1

[Event "Tourn. n8454"]
[Site "www.chess-mail.com"]
[Date "2015.12.13"]
[Round "1"]
[White "Faerieking"]
[Black "Wwgia"]
[WhiteElo "2310"]
[BlackElo "2200"]
[Result "1-0"]
[Round "1"]
1.e4 c5
2.d4 cxd4
3.c3 d3
4.Bf1xd3 d6
5.h3 Nb8c6
6.Ng1f3 g6
7.O-O Bf8g7
8.Qd1e2 Ng8f6
9.Nb1d2 O-O
10.Nd2b3 a5
11.a4 Qd8b6
12.Nb3d4 Bc8d7
13.Bc1e3 Qb6c7
14.Nd4b5 Qc7b8
15.Ra1d1 Nf6e8
16.Nf3d4 Nc6xd4
17.cxd4 Ne8c7
18.f4 Nc7e6
19.f5 Bd7xb5
20.Bd3xb5 Ne6c7
21.Bb5c4 Qb8d8
22.fxg6 hxg6
23.Qe2g4 e6
24.Be3g5 Qd8d7
25.b3 d5
26.exd5 Nc7xd5
27.h4 Ra8c8
28.h5 Nd5c3
29.Rd1d3 Nc3xa4
30.hxg6 f5
31.Qg4h4 Bg7h8
32.Bc4xe6 { resign }
1-0

[Event "Tourn. n8473"]
[Site "www.chess-mail.com"]
[Date "2015.12.13"]
[Round "1"]
[White "Luban"]
[Black "Goosebumps"]
[WhiteElo "2050"]
[BlackElo "2100"]
[Result "0-1"]
[Round "1"]
1.d4 Ng8f6
2.c4 e6
3.a3 d5
4.e3 c5
5.Nb1c3 cxd4
6.exd4 Nb8c6
7.h3 dxc4
8.Bf1xc4 Qd8xd4
9.Qd1xd4 Nc6xd4
10.Bc4d3 a6
11.Bc1e3 Nd4c6
12.Ng1f3 Bf8d6
13.O-O O-O
14.Ra1d1 h6
15.Nc3e2 Rf8d8
16.Be3b6 Rd8d7
17.Ne2c3 Bd6c7
18.Nc3a4 Nf6d5
19.Bb6xc7 Rd7xc7
20.Rd1c1 b5
21.Na4c3 Nd5f6
22.Rf1d1 Bc8b7
23.Nc3e4 Nf6e8
24.Ne4c5 Ra8c8
25.Nc5xb7 Rc7xb7
26.Bd3e4 Rb7c7
27.Be4xc6 Rc7xc6
28.Rc1xc6 Rc8xc6
29.Nf3e5 Rc6d6
30.Rd1c1 f6
31.Ne5f3 g5
32.Rc1c8 Kf7
33.Kf1 h5
34.Ke2 Ne8g7
35.Rc8c7 Kg6
36.Ke3 Ng7f5
37.Ke4 g4
38.hxg4 hxg4
39.Nf3h2 Rd6d4
{ resign }
0-1

[Event "Tourn. n8476"]
[Site "www.chess-mail.com"]
[Date "2015.12.13"]
[Round "1"]
[White "Dulap"]
[Black "Johnmcbride"]
[WhiteElo "1750"]
[BlackElo "1810"]
[Result "1-0"]
[Round "1"]
1.e4 e5
2.Ng1f3 d6
3.d4 exd4
4.Nf3xd4 c5
5.Nd4f3 a6
6.Nb1c3 Bc8e6
7.Bc1f4 b5
8.Bf1e2 h6
9.O-O Bf8e7
10.Nc3d5 Ng8f6
11.Nd5xe7 Qd8xe7
12.Bf4xd6 Qe7d7
13.e5 Nf6e4
14.Rf1e1 Ne4xd6
15.exd6 O-O
16.Nf3e5 Qd7b7
17.Be2f3 Qb7a7
18.Bf3xa8 Qa7xa8
19.Qd1d2 Nb8d7
20.Ne5xd7 Be6xd7
21.Re1e7 Rf8e8
22.Re7xd7 Qa8c6
23.Rd7e7 Kf8
24.Ra1e1 Re8d8
25.Qd2f4 f6
26.Re1d1 Rd8d7
27.Re7xd7 Qc6xd7
28.Qf4e3 c4
29.Qe3b6 Qd7g4
30.Rd1e1 Qg4d7
31.Qb6c7 { resign }
1-0

[Event "Tourn. n8492"]
[Site "www.chess-mail.com"]
[Date "2015.12.13"]
[Round "1"]
[White "Bennyp"]
[Black "Cathar"]
[WhiteElo "2370"]
[BlackElo "2360"]
[Result "1-0"]
[Round "1"]
1.d4 Ng8f6
2.c4 e6
3.Ng1f3 b6
4.e3 Bc8b7
5.Nb1c3 Bf8b4
6.Bf1d3 d5
7.a3 Bb4d6
8.h4 Nb8d7
9.Qd1e2 a6
10.b3 O-O
11.h5 h6
12.Bc1b2 c5
13.cxd5 Nf6xd5
14.Nc3e4 Bd6e7
15.Ra1d1 cxd4
16.Nf3xd4 b5
17.b4 Ra8c8
18.O-O Nd7b6
19.Qe2g4 Nb6c4
20.Nd4xe6 Nc4xb2
21.Qg4xg7 
1-0

[Event "Tourn. n8438"]
[Site "www.chess-mail.com"]
[Date "2015.12.13"]
[Round "1"]
[White "Cardiff"]
[Black "Lino"]
[WhiteElo "1800"]
[BlackElo "2069"]
[Result "0-1"]
[Round "1"]
1.d4 f5
2.h3 Ng8f6
3.g4 d5
4.g5 Nf6e4
5.Ng1f3 e6
6.Bf1g2 c5
7.c3 Nb8c6
8.a3 Bf8d6
9.h4 O-O
10.Bc1e3 Qd8b6
11.b4 cxd4
12.Nf3xd4 f4
13.Be3c1 Ne4xc3
14.Nb1xc3 Qb6xd4
15.Qd1xd4 Nc6xd4
16.O-O Bc8d7
17.Rf1d1 Bd6e5
18.Ra1b1 f3
19.exf3 Nd4xf3
20.Bg2xf3 Rf8xf3
21.Nc3xd5 exd5
22.Rd1xd5 Bd7f5
23.Rd5xe5 Bf5xb1
{ resign }
0-1

[Event "Match"]
[Site "www.echecsemail.com"]
[Date "2015.12.13"]
[Round "1"]
[White "Carlosto"]
[Black "Raperito"]
[WhiteElo "1410"]
[BlackElo "1499"]
[Result "1-0"]
[Round "1"]
1.d4 d5
2.e3 f6
3.Ng1f3 a6
4.Nb1c3 Nb8c6
5.Bf1d3 Bc8d7
6.O-O Ng8h6
7.e4 Ra8a7
8.exd5 Bd7f5
9.dxc6 bxc6
10.Bc1xh6 gxh6
11.Bd3xf5 Ra7b7
12.Bf5e4 Rh8g8
13.Be4xc6 Kf7
14.Bc6xb7 Ke8
15.Bb7xa6 Qd8a8
16.Qd1e2 Qa8xa6
17.Qe2xa6 Kd8
18.Qa6c6 e6
19.d5 exd5
20.Nc3xd5 f5
21.Nd5xc7 Rg8g7
22.Ra1d1 Ke7
23.Rf1e1  { time }
1-0

[Event "Match"]
[Site "www.echecsemail.com"]
[Date "2015.12.13"]
[Round "1"]
[White "Mitja"]
[Black "Bojan"]
[WhiteElo "1900"]
[BlackElo "2010"]
[Result "0-1"]
[Round "1"]
1.d4 g6
2.e3 Bf8g7
3.Ng1f3 c6
4.c3 d5
5.h3 Ng8f6
6.Nb1d2 Qd8d6
7.Nd2b3 b6
8.Bf1e2 Nb8d7
9.Qd1c2 e5
10.dxe5 Nd7xe5
11.Nf3xe5 Qd6xe5
12.Nb3d4 Bc8d7
13.b3 a6
14.Bc1b2 Nf6e4
15.Be2f3 c5
16.Nd4e2 Ne4g5
17.c4 Qe5xb2
{ resign }
0-1

[Event "Match"]
[Site "www.echecsemail.com"]
[Date "2015.12.13"]
[Round "1"]
[White "Delacey"]
[Black "Genius7"]
[WhiteElo "1920"]
[BlackElo "1730"]
[Result "0-1"]
[Round "1"]
1.e4 c5
2.Ng1f3 e6
3.Bf1c4 Nb8c6
4.c3 d6
5.O-O Ng8f6
6.Rf1e1 Bf8e7
7.d4 cxd4
8.cxd4 O-O
9.Nb1c3 a6
10.d5 exd5
11.exd5 Nc6b8
12.Qd1c2 Nb8d7
13.Bc1f4 Nd7b6
14.Bc4b3 Bc8g4
15.Nf3d4 Ra8c8
16.f3 Bg4d7
17.Qc2d3 Rf8e8
18.Nd4f5 Bd7xf5
19.Qd3d2 Be7f8
20.Bf4g5 Re8xe1
21.Ra1xe1 h6
22.Bg5xh6 gxh6
23.Qd2f4 Qd8d7
24.g4 Nf6xg4
25.fxg4 Bf5xg4
26.Kh1 Bf8g7
27.Re1g1 Qd7f5
28.Rg1xg4 Qf5xf4
29.Rg4xf4 Bg7xc3
30.bxc3 Rc8xc3
31.Rf4b4 Nb6d7
32.Rb4xb7 Nd7c5
33.Rb7b8 Kg7
34.Rb8b6 a5
35.Rb6xd6 a4
36.Bb3xa4 Nc5xa4
37.Rd6a6 Rc3c1
38.Kg2 Na4c3
39.d6 Rc1d1
40.a4 Nc3e4
41.Ra6c6 Ne4xd6
42.a5 Nd6b5
43.a6 Rd1a1
44.Rc6b6 Nb5c7
45.h4 Ra1xa6
46.Rb6xa6 Nc7xa6
47.Kg3 Kg6
48.Kg4 f5
49.Kg3 Kf6
50.Kf4 h5
51.Kg3 Ke5
52.Kf3 f4
53.Ke2 Ke4
54.Kf2 f3
55.Ke1 Ke3
56.Kf1 f2
{ resign }
0-1

[Event "Match"]
[Site "www.echecsemail.com"]
[Date "2015.12.13"]
[Round "1"]
[White "Goosebumps"]
[Black "Paco"]
[WhiteElo "2119"]
[BlackElo "1920"]
[Result "1-0"]
[Round "1"]
1.Nb1c3 d5
2.d4 Ng8f6
3.Ng1f3 Bc8f5
4.Bc1g5 h6
5.Bg5xf6 exf6
6.e3 Bf8b4
7.Bf1d3 Bf5e4
8.O-O Nb8c6
9.Nc3xe4 dxe4
10.Bd3xe4 g5
11.c3 g4
12.cxb4 gxf3
13.Be4xf3 Nc6xb4
14.Bf3xb7 Ra8b8
15.Qd1a4 Qd8d7
16.Qa4xb4 a5
17.Qb4b3 a4
18.Qb3c2 Rb8xb7
19.Qc2e4 Kd8
20.Qe4xb7 h5
21.Qb7a8 Qd7c8
22.Qa8xa4 h4
23.Qa4c4 Ke8
24.Rf1c1 Rh8g8
25.Qc4xc7 Qc8xc7
26.Rc1xc7 Kf8
27.Rc7c8 Kg7
28.Rc8xg8 Kxg8
29.a4 Kf8
30.a5 { resign }
1-0

[Event "Match"]
[Site "www.echecsemail.com"]
[Date "2015.12.13"]
[Round "1"]
[White "Conde7"]
[Black "Nimzo"]
[WhiteElo "2870"]
[BlackElo "2800"]
[Result "1/2-1/2"]
[Round "1"]
1.e4 e6
2.d4 d5
3.e5 c5
4.c3 Qd8b6
5.Ng1f3 Nb8c6
6.a3 Bc8d7
7.b4 cxd4
8.cxd4 Ra8c8
9.Bc1e3 Ng8h6
10.Bf1d3 Nh6g4
11.O-O Bf8e7
12.Qd1d2 Ng4xe3
13.fxe3 O-O
14.Nb1c3 Qb6d8
15.Ra1c1 f6
16.exf6 Be7xf6
17.Nc3e2 e5
18.dxe5 Nc6xe5
19.Bd3b1 Ne5xf3
20.gxf3 Kh8
21.Qd2xd5 Qd8e8
22.Qd5d3 g6
23.Rc1xc8 Bd7xc8
24.Rf1d1 Qe8e5
25.Qd3d2 Rf8d8
26.Ne2d4 Bc8d7
27.Bb1c2 Bd7c6
28.Qd2e2 Bc6d5
29.f4 Qe5c7
30.Rd1d2 g5
31.f5 Qc7e5
32.Nd4e6 Bd5xe6
{ draw }
1/2-1/2

[Event "1/32 Finale"]
[Site "www.chess-mail.com"]
[Date "2015.12.13"]
[Round "1"]
[White "Derfel83"]
[Black "Osopanda"]
[WhiteElo "1980"]
[BlackElo "1940"]
[Result "0-1"]
[Round "1"]
1.c4 Ng8f6
2.d4 g6
3.Nb1c3 c6
4.e4 d6
5.f4 Qd8c7
6.Bf1e2 e5
7.d5 Bf8g7
8.Ng1f3 Nb8d7
9.Bc1e3 Nf6g4
10.Qd1d2 O-O
11.Nf3g5 Ng4xe3
12.Qd2xe3 h6
13.f5 hxg5
14.Qe3xg5 Qc7d8
15.Qg5xd8 Rf8xd8
16.fxg6 fxg6
17.g4 Nd7f6
18.h3 cxd5
19.cxd5 Bc8d7
20.O-O-O a6
21.g5 Nf6h5
22.Be2xh5 gxh5
23.h4 Bd7g4
24.Rd1d3 Ra8c8
25.Kd2 Rd8f8
26.Rh1h2 Rf8f4
27.Rd3e3 Rc8f8
28.b4 Rf4f2
29.Rh2xf2 Rf8xf2
30.Kd3 Bg4d7
31.Kc4 b5
32.Kb3 Bg7f8
33.a4 bxa4
34.Nc3xa4 Bd7xa4
35.Kxa4 Bf8e7
36.Re3c3 Rf2e2
37.Rc3c7 Kf8
38.g6 Be7xh4
39.g7 Kg8
40.Ka5 Bh4d8
{ resign }
0-1

[Event "Eq:La Taverne-chibcha : "]
[Site "www.chess-mail.com"]
[Date "2015.12.13"]
[Round "1"]
[White "Emmanuel69"]
[Black "Paes19"]
[WhiteElo "1970"]
[BlackElo "1990"]
[Result "0-1"]
[Round "1"]
1.c4 e6
2.a3 Ng8f6
3.Nb1c3 c6
4.d4 d5
5.e3 Bf8e7
6.Ng1f3 Nb8d7
7.cxd5 cxd5
8.Bf1e2 O-O
9.O-O a6
10.Rf1e1 Rf8e8
11.h3 b6
12.Be2f1 Bc8b7
13.g3 Qd8c7
14.Bf1g2 Nf6e4
15.Nc3xe4 dxe4
16.Nf3d2 f5
17.Nd2b3 Ra8c8
18.Re1e2 Nd7f8
 { time }
0-1

[Event "Eq:La Taverne-chibcha : "]
[Site "www.chess-mail.com"]
[Date "2015.12.13"]
[Round "1"]
[White "Paes19"]
[Black "Emmanuel69"]
[WhiteElo "1990"]
[BlackElo "1970"]
[Result "1-0"]
[Round "1"]
1.e4 c6
2.d4 d5
3.e5 Bc8f5
4.Bf1d3 Bf5xd3
5.Qd1xd3 e6
6.Ng1f3 g6
7.Bc1g5 Bf8e7
8.h4 h6
9.Bg5xe7 Ng8xe7
10.O-O O-O
11.Nb1d2 Kg7
12.b4 Ne7f5
13.g3 b5
14.a4 Qd8e8
15.a5 a6
16.Nf3h2 Rf8h8
17.Nh2g4 Nb8d7
18.c3 Qe8e7
19.f4  { time }
1-0

[Event "Tourn. n8455"]
[Site "www.chess-mail.com"]
[Date "2015.12.14"]
[Round "1"]
[White "Jjmcbride"]
[Black "Gatrooper"]
[WhiteElo "1690"]
[BlackElo "1620"]
[Result "1-0"]
[Round "1"]
1.d4 d5
2.e3 a6
3.c4 dxc4
4.Bf1xc4 Bc8e6
5.Bc4xe6 fxe6
6.Ng1f3 Nb8c6
7.O-O h6
8.Qd1e2 Ng8f6
9.Nf3e5 Nc6xe5
10.dxe5 Nf6e4
11.Qe2h5 Kd7
12.Rf1d1 Ne4d6
13.b3 Kc8
14.Nb1c3 c6
15.exd6 exd6
16.Qh5g6 Qd8e7
17.Nc3a4 d5
18.Na4b6 Kb8
19.Nb6xa8 Kxa8
20.e4 dxe4
21.Bc1e3 c5
22.Ra1c1 b6
23.Qg6xe4 Kb8
24.Be3f4 Kc8
25.Qe4a8 { resign }
1-0

[Event "Tourn. n8495"]
[Site "www.chess-mail.com"]
[Date "2015.12.14"]
[Round "1"]
[White "Umzi"]
[Black "Luban"]
[WhiteElo "2210"]
[BlackElo "2030"]
[Result "1-0"]
[Round "1"]
1.e4 c5
2.b3 d6
3.Ng1f3 e6
4.Bf1b5 Bc8d7
5.Bb5xd7 Qd8xd7
6.Bc1b2 Nb8c6
7.O-O Ng8f6
8.d3 Bf8e7
9.Nb1d2 O-O
10.Qd1e2 a6
11.a3 b5
12.c4 b4
13.a4 a5
14.Ra1d1 h6
15.Rf1e1 e5
16.Nd2f1 Nc6d4
17.Nf3xd4 cxd4
18.Bb2c1 Qd7c7
19.Nf1g3 Nf6d7
20.Re1f1 Nd7c5
21.Qe2c2 Kh7
22.f4 exf4
23.Bc1xf4 Be7g5
24.Bf4xg5 hxg5
25.Ng3f5 g6
26.Nf5xd4 Rf8h8
27.Nd4f3 Kg7
28.Nf3xg5 f6
29.Ng5f3 Ra8e8
30.Rf1e1 g5
31.g4 Rh8h3
32.Nf3d4 d5
33.cxd5 Re8h8
34.Re1e2 { resign }
1-0